Análisis de tráfico de redes ethernet utilizando analizador de protocolos wireshark
Uloženo v:
| Hlavní autor: | |
|---|---|
| Další autoři: | |
| Médium: | Kniha |
| Jazyk: | Spanish |
| Vydáno: |
[San José, Costa Rica]
2012
|
| Témata: | |
| Tagy: |
Přidat tag
Žádné tagy, Buďte první, kdo vytvoří štítek k tomuto záznamu!
|
MARC
| LEADER | 00000nam a22000007a 4500 | ||
|---|---|---|---|
| 003 | 010873 | ||
| 005 | 20230626140900.0 | ||
| 008 | 151022b2012 cr a|||| |||| 00| ||spa d | ||
| 040 | |c cru CEDI | ||
| 100 | |a Padilla Hernández, Leonardo, 1987- |9 773 | ||
| 245 | |a Análisis de tráfico de redes ethernet utilizando analizador de protocolos wireshark | ||
| 260 | |a [San José, Costa Rica] |c 2012 | ||
| 500 | |a Proyecto de graduación (bachillerato de ingeniería eléctrica)--Universidad de Costa Rica. Facultad de Ingeniería Eléctrica. Escuela de Ingeniería Eléctrica, 2012 | ||
| 501 | |a Profesor Guía IE-0502 Proyecto Eléctrico de Graduación: M.Sc. Eduardo Navas Carro | ||
| 650 | |x REDES DE COMPUTADORAS - PROTOCOLOS |x ETHERNET (SISTEMAS DE REDES DE AREA LOCAL) |x REDES DE AREA LOCAL (COMPUTADORAS) |9 1741 | ||
| 700 | |9 774 |a Navas Carro, Eduardo, 1960- |d Director de Proyecto Eléctrico | ||
| 942 | |c CEDI |h TFG 6695 |6 TFG_6695_000000000000000 | ||
| 999 | |c 14249 |d 14249 | ||
